01392cam a2200385 i 450000100090000000300050000900500170001400800410003101000170007202000180008902500270010703700530013403800110018704000230019804200150022104300120023605000240024808200180027210000270029024501010031725000170041826401150043530000270055033600260057733700280060333800270063150400670065856300090072565000250073465000300075965000190078965000310080865000450083971001220088420697312NUST20220411133755.0181005s2018 pk b 001 0 eng  a 2018326004 a9789697576180 aP-E-2018326004; 17; 35 bLibrary of Congress -- Islamabad Overseas Office awaseem aDLCbengcDLCerda alcodeapcc aa-pk---00aBP161.3b.A542 2018 a297.1977bAMI1 aAmin, Husnul,eauthor.10aPost-Islamism :bIslamic social movements in the era of neoliberal globalization /cHusnul Amin. a2nd edition. 1aIslamabad :bIqbal International Institute for Research and Dialogue, International Islamic University,c2018. axi, 202 pages ;c22 cm atextbtxt2rdacontent aunmediatedbn2rdamedia avolumebnc2rdacarrier aIncludes bibliographical references (pages 176-188) and index. aPBK. 0aIslamy21st century. 0aIslam and world politics. 0aEast and West. 0aIslam and statezPakistan. 0aGlobalizationxReligious aspectsxIslam.2 aInternational Islamic University (Islāmābād, Pakistan).bIqbal International Institute for Research & Dialogue.